| Tag |
First Indicator |
Second Indicator |
Subfields |
| LEADER |
00000cam a2200000 a 4500 |
| 001 |
in00000081252 |
| 005 |
20151008061011.0 |
| 008 |
801210s1980 coua b 00000 eng d |
| 035 |
|
|
|a (OCoLC)07020675
|
| 035 |
|
|
|9 AAJ7070AM
|
| 040 |
|
|
|a GYG
|c GYG
|d m.c.
|d TXA
|d UtOrBLW
|
| 043 |
|
|
|a n-us---
|
| 049 |
|
|
|a TXAM
|c [1633120]
|
| 090 |
|
|
|a LB2322
|b .I58
|
| 245 |
0 |
0 |
|a Integrating academic planning and budgeting in a rapidly changing environment :
|b process and technical issues /
|c edited by Sidney S. Micek.
|
| 264 |
|
1 |
|a Boulder, Colo. :
|b National Center for Higher Education Management Systems,
|c 1980.
|
| 300 |
|
|
|a vii, 138 pages :
|b illustrations ;
|c 26 cm.
|
| 336 |
|
|
|a text
|b txt
|2 rdacontent
|
| 337 |
|
|
|a unmediated
|b n
|2 rdamedia
|
| 338 |
|
|
|a volume
|b nc
|2 rdacarrier
|
| 500 |
|
|
|a "Work ... performed by NCHEMS pursuant to Contract Number 400-77-0004--Finance and Productivity Group--with the National Institute of Education."
|
| 504 |
|
|
|a Includes bibliographies.
|
| 650 |
|
0 |
|a Universities and colleges
|z United States
|x Planning.
|
| 650 |
|
0 |
|a Universities and colleges
|z United States
|x Business management.
|
| 700 |
1 |
|
|a Micek, Sidney S.
|
| 710 |
2 |
|
|a National Center for Higher Education Management Systems.
|
| 999 |
|
|
|a MARS
|
| 999 |
f |
f |
|s 6b76a525-59a1-3e35-8836-f2ba6ae0b2e0
|i 093cba49-708b-3f40-abc8-f6ae456f4fb6
|t 0
|
| 952 |
f |
f |
|p normal
|a Texas A&M University
|b College Station
|c Sterling C. Evans Library
|d Evans: Library Stacks
|t 0
|e LB2322 .I58
|h Library of Congress classification
|i unmediated -- volume
|m A14806161267
|
| 998 |
f |
f |
|a LB2322 .I58
|t 0
|l Evans: Library Stacks
|